Wise up & live! (Record no. 7366)

MARC details
000 -LEADER
fixed length control field 00822cam a2200277 4500
001 - CONTROL NUMBER
control field 4561731
003 - CONTROL NUMBER IDENTIFIER
control field GBCCL
005 - DATE AND TIME OF LATEST TRANSACTION
control field 20241126110626.0
008 - FIXED-LENGTH DATA ELEMENTS--GENERAL INFORMATION
fixed length control field 740409s1974 cau b 000 0 eng
010 ## -
-- 73086222
020 ## - INTERNATIONAL STANDARD BOOK NUMBER
International Standard Book Number 0830702199
040 ## - CATALOGING SOURCE
Original cataloging agency DLC
Transcribing agency DLC
Modifying agency DLC
050 00 -
-- BS1465.4
-- .L37
082 00 - DEWEY DECIMAL CLASSIFICATION NUMBER
Classification number 223.706
Item number LAR
100 1# - MAIN ENTRY--PERSONAL NAME
Personal name Larsen, Paul E.
9 (RLIN) 13024
245 10 - TITLE STATEMENT
Title Wise up & live!
Remainder of title Wisdom from Proverbs
Statement of responsibility, etc. [by] Paul E. Larsen.
260 ## - PUBLICATION, DISTRIBUTION, ETC.
Place of publication, distribution, etc. Glendale, Calif.,
Name of publisher, distributor, etc. G/L Regal Books
Date of publication, distribution, etc. [1974]
300 ## - PHYSICAL DESCRIPTION
Extent 239 p.
Dimensions 18 cm.
350 ## - PRICE (NR) (BK AM CF MU VM SE) [OBSOLETE]
Price $1.25
500 ## - GENERAL NOTE
General note "A Bible commentary for laymen."
504 ## - BIBLIOGRAPHY, ETC. NOTE
Bibliography, etc. note Includes bibliographical references.
630 00 - SUBJECT ADDED ENTRY--UNIFORM TITLE
Uniform title Bible.
Name of part/section of a work Proverbs
General subdivision Sermons.
9 (RLIN) 13025
650 #0 - SUBJECT ADDED ENTRY--TOPICAL TERM
Topical term or geographic name entry element Sermons, American.
9 (RLIN) 270
906 ## - LOCAL DATA ELEMENT F, LDF (RLIN)
a 7
b cbc
c orignew
d 2
e opcn
f 19
g y-gencatlg
942 ## - ADDED ENTRY ELEMENTS (KOHA)
Source of classification or shelving scheme Dewey Decimal Classification
Koha item type Books
Koha issues (borrowed), all copies 2
Holdings
Withdrawn status Lost status Source of classification or shelving scheme Damaged status Not for loan Home library Current Library Shelving location Date acquired Total checkouts Full call number Barcode Date last seen Date last checked out Copy number Price effective from Koha item type
    Dewey Decimal Classification     GRACE BIBLE COLLEGE GRACE BIBLE COLLEGE Biblical Studies 2018-08-01 3 223.706 LAR 000150 2025-05-01 2025-01-23 c.1 2018-08-01 Books
© Grace Bible College Library 2025